| 000 | 01164nam a22001577a 4500 | ||
|---|---|---|---|
| 100 | _aSolpot, T.C. | ||
| 245 | _aNeopestalotiopsis foliar disease of rubber in the Philippines | ||
| 260 | _bProceedings of the IRRDB International Rubber Conference 2023, 20-21 February 2023, IRRDB, Kuala Lumpur, Malaysia, pp. 163-166. | ||
| 520 | _aZamboanga Peninsula is the top rubber-producing region in the Philippines. In September 2022, Pestalotiopsis leaf fall disease was observed in Tungawan, Zamboanga Sibugay, Philippines. About 25-35% of rubber trees in a 2.5 ha plantation displayed mild to severe infections. Symptoms included yellow to brown lesions. Combined morpho-cultural and molecular characterisations confirmed the identity of the pathogen as Neopestalotiopsis clavispora and was found pathogenic to healthy detached rubber leaves confirming the pathogenicity of N. clavispora in rubber. This is the first report of the pathogen in the Philippines infecting rubber. | ||
| 650 | _aLeaf fall | ||
| 650 | _aNeopestalotiopsis | ||
| 650 | _aFungal disease | ||
| 650 | _aPestalotia | ||
| 700 | _aVillanueva, J.D., Abello, M.P. and Zuniga, J.B.M. | ||
| 942 | _cJS | ||
| 999 |
_c75230 _d75230 |
||